<?xml version="1.0" encoding="UTF-8"?>
<record
    xmlns:xsi="http://www.w3.org/2001/XMLSchema-instance"
    xsi:schemaLocation="http://www.loc.gov/MARC21/slim http://www.loc.gov/standards/marcxml/schema/MARC21slim.xsd"
    xmlns="http://www.loc.gov/MARC21/slim">

  <leader>01938nam a2200205Ia 4500</leader>
  <controlfield tag="001">b6803-48854 </controlfield>
  <controlfield tag="003">IT-MiCISF</controlfield>
  <controlfield tag="008">161014s9999||||xx |||||||||||||| ||und||</controlfield>
  <datafield tag="040" ind1=" " ind2=" ">
    <subfield code="a">IT-MiCISF</subfield>
    <subfield code="c">IT-MiCISF</subfield>
  </datafield>
  <datafield tag="041" ind1=" " ind2=" ">
    <subfield code="a">it</subfield>
  </datafield>
  <datafield tag="100" ind1=" " ind2=" ">
    <subfield code="a">Novara Daniele</subfield>
  </datafield>
  <datafield tag="245" ind1=" " ind2="0">
    <subfield code="a">Litigare per crescere</subfield>
    <subfield code="b">Proposte per la prima infanzia</subfield>
  </datafield>
  <datafield tag="250" ind1=" " ind2=" ">
    <subfield code="a">1a ed.</subfield>
  </datafield>
  <datafield tag="260" ind1=" " ind2=" ">
    <subfield code="a"> Trento</subfield>
    <subfield code="b">Erickson</subfield>
    <subfield code="c">2010</subfield>
  </datafield>
  <datafield tag="300" ind1=" " ind2=" ">
    <subfield code="a">pp. 202</subfield>
  </datafield>
  <datafield tag="500" ind1=" " ind2=" ">
    <subfield code="a">con la collaborazione di: Beltrami L., Cariati F., Cosolo Marangon P., Honegger Fresco C., Paganini S., Passerini E., Riva C., Tuozzi C. / infanzia, conflitto, educazione, servizi-infanzia, scuola, pedagogia, esperienze / I bambini litigano: si arrabbiano, urlano, piangono, picchiano, insomma disturbano. Il litigio infantile attiva spesso negli adulti meccanismi interiori complessi, risveglia emozioni forti e a volte poco elaborate, spinge a intervenire urgentemente alla ricerca di una soluzione. Ma per i bambini il litigio &#xE8; una straordinaria palestra di libert&#xE0;, un'occasione preziosa per imparare a stare in mezzo agli altri, gettare le basi della vita sociale, scoprire i propri limiti e attivare potenzialit&#xE0; creative. Questo &#xE8; un libro che aiuta a cambiare prospettiva sul conflitto infantile, a riconoscere che i bambini possono essere competenti nell'affrontare le proprie difficolt&#xE0; e problematiche, e che il compito dell'adulto &#xE8; aiutarli a fare da soli. L'approccio &#xE8; quello della maieutica: partire dai bambini e dalle bambine rispettandone i tempi, le domande, le emozioni, le proposte, le fatiche, perch&#xE9; &#xE8; questo il modo pi&#xF9; efficace per attivare competenze e risorse e farli arrivare lontano. Le molte riflessioni e le proposte concrete (articolate in schede) offrono, a chi si occupa della prima infanzia, un progetto pedagogicamente innovativo che stimola l'apprendimento e l'autonomia.</subfield>
  </datafield>
  <datafield tag="650" ind1=" " ind2=" ">
    <subfield code="a"> Infanzia / et&#xE0;-evolutiva</subfield>
    <subfield code="e">008</subfield>
  </datafield>
  <datafield tag="942" ind1=" " ind2=" ">
    <subfield code="c">BK</subfield>
  </datafield>
  <datafield tag="957" ind1=" " ind2=" ">
    <subfield code="7">1</subfield>
  </datafield>
  <datafield tag="999" ind1=" " ind2=" ">
    <subfield code="a">48854</subfield>
    <subfield code="b">si</subfield>
    <subfield code="g">1</subfield>
    <subfield code="c">210204</subfield>
    <subfield code="d">210204</subfield>
  </datafield>
  <datafield tag="952" ind1=" " ind2=" ">
    <subfield code="0">0</subfield>
    <subfield code="1">0</subfield>
    <subfield code="4">0</subfield>
    <subfield code="6">B_680348854</subfield>
    <subfield code="7">1</subfield>
    <subfield code="a">CISF</subfield>
    <subfield code="b">CISF</subfield>
    <subfield code="d">2016-10-14</subfield>
    <subfield code="l">0</subfield>
    <subfield code="o">b6803-48854 </subfield>
    <subfield code="r">2016-10-14 00:00:00</subfield>
    <subfield code="w">2016-10-14</subfield>
    <subfield code="y">BK</subfield>
    <subfield code="z">Data import 15.10.2016 / by Epidotti, Vaglietti</subfield>
  </datafield>
</record>
